Score 0/13 Timer 01:30
0 Plays Today
Clue 3-Letter Word % Correct
Day lightSUN
96.1%
Moral offenceSIN
94.5%
Convent memberNUN
94.2%
Church seatPEW
93.9%
Furry footPAW
93.9%
Quick tasteSIP
93.2%
Bit of adviceTIP
90.5%
▣ Spanish aunt ▣▣ TIA ▣
85.3%
▣ Bobbsey twin ▣▣ NAN ▣
82%
Critique scathinglyPAN
80.8%
▣ Patriarchy rulers ▣▣ MEN ▣
71.7%
Beads on bladesDEW
68%
Cub Scout unitDEN
67%

Today's Daily Dose

Missing Word
Lizzo Songs

Get the Picture
The Longest Rivers

Remove Ads.
Support Sporcle.
Get the best of Sporcle when you Go Orange. This ad-free experience offers more features, more stats, and more fun while also helping to support Sporcle. Thank you for becoming a member.

You're not logged in!

Compare scores with friends on all Sporcle quizzes.
OR
Log In

Show Comments

Extras

Top Quizzes Today


Score Distribution

Your Account Isn't Verified!

In order to create a playlist on Sporcle, you need to verify the email address you used during registration. Go to your Sporcle Settings to finish the process.

Report this User

Report this user for behavior that violates our Community Guidelines.

Details: